| 000 | 01216nam a22003257a 4500 | ||
|---|---|---|---|
| 001 | 00052784531 | ||
| 003 | DO-SdBNP | ||
| 005 | 20240730130153.0 | ||
| 007 | 00052784531 | ||
| 008 | 161205b1999 sp a |||| 00| 0 spa d | ||
| 020 | _a8437223458 | ||
| 040 |
_aBPMSU _bspa _cBPMSU |
||
| 082 | 4 |
_a823.8 _bA596s 1999 _222 |
|
| 100 | 1 |
_aAnholt, Laurence, _d1959- |
|
| 245 | 1 | 3 |
_aEl saxofonista de Hamelón / _cEscrito por Laurence Anholt ; traducción Carlo Frabetti ; ilustración Arthur Robins. |
| 260 |
_aMadrid : _bGrupo Santillana Ediciones, _c1999 |
||
| 300 |
_a64 p. : _bil. ; _c22 cm. |
||
| 490 | 0 | _aHistoria increíbles | |
| 500 | _aAl pie de la cubierta : Historias de siempre contadas como nunca. | ||
| 534 |
_pTítulo original : _tThe fried piper of hanstring |
||
| 590 | _aInventariado, 2024/VM | ||
| 650 | 4 |
_aCuentos infantiles ingleses _v |
|
| 650 | 4 |
_aSaxofonistas _vCuentos infantiles. |
|
| 650 | 4 | _aTiras cómicas, historietas, etc. | |
| 700 | 1 |
_aFrabetti, Carlo, _d1945- _etraductor |
|
| 700 | 1 |
_aRobins, Arthur, _d1944- _eilustraciones |
|
| 700 | 1 |
_aFernández-Arias Almagro, Elena, _eeditor |
|
| 910 | _aLOPEREZ/ VMateo V. Control de calidad. BPMSU | ||
| 942 |
_2ddc _cBK |
||
| 999 |
_c14759 _d14759 |
||